{"text_format":"3","workbook":"xls","n_sheets":6,"sheets":["封面(1.1)","单位工程审核汇总表(1.1)","规费、人工费价差、税金审核书(1.1)","分部分项审核书(含定额)(1.1)","措施分项审核书2(1.1)","主要材料价格表(含合计)(1.1)"],"read":"whole","date_system":"1900","formulas":"cached_only"}

{"sheet":"封面(1.1)","index":0,"n_rows":15,"n_cols":5,"rows_kept":15,"merged":[[0,0,0,4],[1,1,1,4],[2,1,2,4],[3,1,3,4],[4,1,4,3],[5,1,5,3],[6,1,6,3],[7,1,7,4],[8,0,8,1],[8,2,8,4],[9,1,9,4],[10,0,10,1],[10,2,10,4],[11,1,11,4],[12,1,12,4],[13,1,13,4],[14,0,14,1],[14,3,14,4]],"flags":["formulas_cached_only"]}
["工程审核书"]
["建设单位：","武夷学院"]
["工程名称：","瑞樟教学区南区1-6号楼室内修缮工程"]
["工程编号：",""]
["建筑面积：",{"$nulls":3},"平方米"]
["工程造价：",275967,null,null,"元"]
["送审造价：",293335,null,null,"元"]
["编 制 人：",""]
["编制人证书编号：",null,""]
["审 核 人：",""]
["审核人证书编号：",null,""]
["编制单位：",""]
["编制日期：","2012年7月10日"]
["",""]
["",null,"",""]

{"sheet":"单位工程审核汇总表(1.1)","index":1,"n_rows":30,"n_cols":5,"rows_kept":30,"merged":[[0,0,0,4],[1,0,1,4],[2,0,2,3]],"flags":["formulas_cached_only"]}
["单位工程审核汇总表"]
["装饰工程"]
["工程名称：瑞樟教学区南区1-6号楼室内修缮工程",{"$nulls":3},"第1页 共1页"]
["序号","汇 总 内 容","审前造价","审后造价","审核增减"]
["1","分部分项工程费",{"v":209644,"d":"209644.00"},{"v":204073,"d":"204073.00"},{"v":-5571,"d":"-5571.00"}]
["1.1","装饰工程",{"v":209644,"d":"209644.00"},{"v":204073,"d":"204073.00"},{"v":-5571,"d":"-5571.00"}]
["2","措施项目费",{"v":17933,"d":"17933.00"},{"v":11532,"d":"11532.00"},{"v":-6401,"d":"-6401.00"}]
["2.1","安全施工",{"v":482,"d":"482.00"},{"v":469,"d":"469.00"},{"v":-13,"d":"-13.00"}]
["2.2","文明施工",{"v":713,"d":"713.00"},{"v":694,"d":"694.00"},{"v":-19,"d":"-19.00"}]
["2.3","临时设施",{"v":377,"d":"377.00"},{"v":367,"d":"367.00"},{"v":-10,"d":"-10.00"}]
["2.4","环境保护",5099.69,{"v":2333.8,"d":"2333.80"},-2765.89]
["3","其他项目费"]
["3.1","暂列金额"]
["3.2","计日工"]
["3.3","总承包服务费"]
["4","规费",{"v":12340,"d":"12340.00"},{"v":10888,"d":"10888.00"},{"v":-1452,"d":"-1452.00"}]
["A","工程排污费"]
["B","劳保费用",{"v":11060,"d":"11060.00"},{"v":10478,"d":"10478.00"},{"v":-582,"d":"-582.00"}]
["C","农民工工伤保险费"]
["D","危险作业意外伤害保险费",{"v":432,"d":"432.00"},{"v":410,"d":"410.00"},{"v":-22,"d":"-22.00"}]
["E","价格调节基金",{"v":848,"d":"848.00"},null,{"v":-848,"d":"-848.00"}]
["5","人工费价差",{"v":43561,"d":"43561.00"},{"v":40201,"d":"40201.00"},{"v":-3360,"d":"-3360.00"}]
["6","税金",{"v":9857,"d":"9857.00"},{"v":9273,"d":"9273.00"},{"v":-584,"d":"-584.00"}]
["7","总造价",{"v":293335,"d":"293335.00"},{"v":275967,"d":"275967.00"},{"v":-17368,"d":"-17368.00"}]
["","人工费合计",{"v":76907,"d":"76907.00"},{"v":70921,"d":"70921.00"},{"v":-5986,"d":"-5986.00"}]
["","材料费合计",{"v":132837,"d":"132837.00"},{"v":129359,"d":"129359.00"},{"v":-3478,"d":"-3478.00"}]
["","机械费合计",{"v":2688,"d":"2688.00"},{"v":1278,"d":"1278.00"},{"v":-1410,"d":"-1410.00"}]
["","管理费合计",{"v":8540,"d":"8540.00"},{"v":7729,"d":"7729.00"},{"v":-811,"d":"-811.00"}]
["","风险费合计"]
["","利润合计",{"v":4446,"d":"4446.00"},{"v":4216,"d":"4216.00"},{"v":-230,"d":"-230.00"}]

{"sheet":"规费、人工费价差、税金审核书(1.1)","index":2,"n_rows":16,"n_cols":6,"rows_kept":16,"merged":[[0,0,0,5],[1,0,1,5],[2,0,2,4]],"flags":["formulas_cached_only"]}
["规费、人工费价差、税金审核书"]
["装饰工程"]
["工程名称：瑞樟教学区南区1-6号楼室内修缮工程",{"$nulls":4},"第1页 共1页"]
["序号","项 目 名 称","单位","审前造价","审后造价","审核增减"]
["1","规费","项",{"v":12340,"d":"12340.00"},{"v":10888,"d":"10888.00"},{"v":-1452,"d":"-1452.00"}]
["1.1","工程排污费","项"]
["1.2","劳保费用","项",{"v":11060,"d":"11060.00"},{"v":10478,"d":"10478.00"},{"v":-582,"d":"-582.00"}]
["1.3","农民工工伤保险费","项"]
["1.4","危险作业意外伤害保险费","项",{"v":432,"d":"432.00"},{"v":410,"d":"410.00"},{"v":-22,"d":"-22.00"}]
["1.5","价格调节基金","项",{"v":848,"d":"848.00"},null,{"v":-848,"d":"-848.00"}]
["2","人工费价差","项",{"v":43561,"d":"43561.00"},{"v":40201,"d":"40201.00"},{"v":-3360,"d":"-3360.00"}]
["2.1","土石方、拆除、搬运工程用工","项",{"v":6576,"d":"6576.00"},{"v":4643.4,"d":"4643.40"},{"v":-1932.6,"d":"-1932.60"}]
["2.2","建筑装饰工程用工","项",33181.83,31754.91,-1426.92]
["2.3","其他工程用工","项",3802.68,3802.68]
["3","税金","项",{"v":9857,"d":"9857.00"},{"v":9273,"d":"9273.00"},{"v":-584,"d":"-584.00"}]
["","合  计","",{"v":65758,"d":"65758.00"},{"v":60362,"d":"60362.00"},{"v":-5396,"d":"-5396.00"}]

{"sheet":"分部分项审核书(含定额)(1.1)","index":3,"n_rows":55,"n_cols":12,"rows_kept":55,"merged":[[0,0,0,11],[1,0,1,11],[2,0,2,9],[2,10,2,11],[3,0,4,0],[3,1,4,1],[3,2,4,2],[3,3,4,3],[3,4,3,6],[3,7,3,9],[3,10,4,10],[3,11,4,11],[5,0,5,11],[15,0,15,11],[16,0,16,11],[17,0,17,9],[17,10,17,11],[18,0,19,0],[18,1,19,1],[18,2,19,2],[18,3,19,3],[18,4,18,6],[18,7,18,9],[18,10,19,10],[18,11,19,11],[39,0,39,11],[40,0,40,11],[41,0,41,9],[41,10,41,11],[42,0,43,0],[42,1,43,1],[42,2,43,2],[42,3,43,3],[42,4,42,6],[42,7,42,9],[42,10,43,10],[42,11,43,11]],"flags":["formulas_cached_only"]}
["分部分项工程量清单审核书"]
["装饰工程"]
["工程名称：瑞樟教学区南区1-6号楼室内修缮工程",{"$nulls":9},"第1页 共3页"]
["序号","项目编码","项 目 名 称","单位","审前造价",null,null,"审后造价",null,null,"审核增","审核减"]
[{"$nulls":4},"原工程量","原单价","原合计","工程量","综合单价","合计"]
["        装饰工程"]
["1","020201002003","室内墙面、天棚粉刷基层修补\r\n(1)旧水泥砂浆混凝土、砖墙面铲除(按总面积的10％)\r\n(2)清除墙面油皮(抹灰面)(按总面积的90％)\r\n(3)14mm厚水泥砂浆基层(砖墙面)(按总面积的10％)\r\n(4)内墙柱面刮腻子 抹灰面(二道)\r\n(5)水泥漆 内墙面(一底二面)","m2",{"v":902.6,"d":"902.600"},14.46,{"v":13051.6,"d":"13051.60"},{"v":902.6,"d":"902.600"},14.46,{"v":13051.6,"d":"13051.60"}]
["1.1","20106383","旧水泥砂浆混凝土、砖墙面铲除","m2",{"v":902.6,"d":"902.600"},1.16,1047.02,{"v":902.6,"d":"902.600"},1.16,1047.02]
["1.2","20102022","14mm厚水泥砂浆基层(砖墙面)","m2",{"v":902.6,"d":"902.600"},{"v":13.3,"d":"13.30"},12004.58,{"v":902.6,"d":"902.600"},{"v":13.3,"d":"13.30"},12004.58]
["2","020201002007","室内墙面、天棚粉刷基层修补\r\n(1)旧水泥砂浆混凝土、砖墙面铲除(按总面积的10％)\r\n(2)清除墙面油皮(抹灰面)(按总面积的90％)\r\n(3)14mm厚水泥砂浆基层(砖墙面)(按总面积的10％)\r\n(4)内墙柱面刮腻子 抹灰面(二道)\r\n(5)水泥漆 内墙面(一底二面)","m2",{"v":10596.1,"d":"10596.100"},{"v":11.6,"d":"11.60"},122914.76,{"v":10596.1,"d":"10596.100"},{"v":11.6,"d":"11.60"},122914.76]
["2.1","20105415T","内墙柱面刮腻子 抹灰面(二道)","m2",{"v":10596.1,"d":"10596.100"},5.12,54252.03,{"v":10596.1,"d":"10596.100"},5.12,54252.03]
["2.2","20105407","水泥漆 内墙面(一底二面)","m2",{"v":10596.1,"d":"10596.100"},6.48,68662.73,{"v":10596.1,"d":"10596.100"},6.48,68662.73]
["3","020501001002","门油漆","m2",{"v":424.84,"d":"424.840"},29.62,12583.76,{"v":424.84,"d":"424.840"},21.64,9193.54,null,3390.22]
["3.1","20105001","木门油漆(底油一遍、刮腻子  调和漆两遍、磁漆一遍)","m2",{"v":424.84,"d":"424.840"},24.62,10459.56,null,24.62,null,null,10459.56]
["","","本页小计：","","","",148550.12,"","",{"v":145159.9,"d":"145159.90"},null,3390.22]
["分部分项工程量清单审核书"]
["装饰工程"]
["工程名称：瑞樟教学区南区1-6号楼室内修缮工程",{"$nulls":9},"第2页 共3页"]
["序号","项目编码","项 目 名 称","单位","审前造价",null,null,"审后造价",null,null,"审核增","审核减"]
[{"$nulls":4},"原工程量","原单价","原合计","工程量","综合单价","合计"]
["3.2","20105013","木门油漆(刷底油、油色 清漆两遍)","m2",{"$nulls":3},{"v":424.84,"d":"424.840"},16.64,7069.34,7069.34]
["3.3","01","木门整修、更换配件（不含锁）","m2",{"v":424.84,"d":"424.840"},{"v":5,"d":"5.00"},{"v":2124.2,"d":"2124.20"},{"v":424.84,"d":"424.840"},{"v":5,"d":"5.00"},{"v":2124.2,"d":"2124.20"}]
["4","020503001003","木扶手油漆","m",{"v":248.2,"d":"248.200"},11.46,2844.37,{"v":248.2,"d":"248.200"},5.96,1479.27,null,{"v":1365.1,"d":"1365.10"}]
["4.1","20105186","金属面醇酸磁漆两遍","t",4.418,510.19,2254.02,null,510.19,null,null,2254.02]
["4.2","20105184","金属面调和漆两遍","t",{"$nulls":3},4.418,200.71,886.74,886.74]
["4.3","20105194","金属面红丹防锈漆一遍","t",4.418,{"v":133.9,"d":"133.90"},591.57,4.418,{"v":133.9,"d":"133.90"},591.57]
["5","020504002002","卫生间隔板、隔板门维修、油漆","m2",{"v":188.5,"d":"188.500"},34.08,6424.08,{"v":188.5,"d":"188.500"},29.75,5607.88,null,{"v":816.2,"d":"816.20"}]
["5.1","20105134","其他木材面油漆(底油一遍、刮腻子 调和漆两遍 磁漆一遍)","m2",{"v":188.5,"d":"188.500"},{"v":15.4,"d":"15.40"},{"v":2902.9,"d":"2902.90"},null,{"v":15.4,"d":"15.40"},null,null,{"v":2902.9,"d":"2902.90"}]
["5.2","20105148","其他木材面刷底油、油色、清漆两遍","m2",{"$nulls":3},{"v":188.5,"d":"188.500"},11.07,{"v":2086.7,"d":"2086.70"},{"v":2086.7,"d":"2086.70"}]
["5.3","20102354T","卫生间隔板整修","m2",{"v":188.5,"d":"188.500"},18.68,3521.18,{"v":188.5,"d":"188.500"},18.68,3521.18]
["6","030804017002","地漏","个",{"v":122,"d":"122.000"},25.89,3158.58,{"v":122,"d":"122.000"},25.89,3158.58]
["6.1","30804071","地漏(带存水弯) DN50","个",{"v":122,"d":"122.000"},25.89,3158.58,{"v":122,"d":"122.000"},25.89,3158.58]
["7","闽010901032004","室内改造整修","项",{"v":1,"d":"1.000"},43177.04,43177.04,{"v":1,"d":"1.000"},43177.04,43177.04]
["7.1","20106366","拆除标准红砖砌体","m3",{"v":29,"d":"29.000"},33.56,973.24,{"v":29,"d":"29.000"},33.56,973.24]
["7.2","20106434","电气照明拆除电线管","m",{"v":150,"d":"150.000"},{"v":3,"d":"3.00"},{"v":450,"d":"450.00"},{"v":150,"d":"150.000"},{"v":3,"d":"3.00"},{"v":450,"d":"450.00"}]
["7.3","10103296","加气混凝土砌块 干混砂浆 (120厚以内)","m3",{"v":54.5,"d":"54.500"},383.53,20902.39,{"v":54.5,"d":"54.500"},383.53,20902.39]
["7.4","20102022","14mm厚水泥砂浆基层(砖墙面)","m2",{"v":645,"d":"645.000"},{"v":13.3,"d":"13.30"},{"v":8578.5,"d":"8578.50"},{"v":645,"d":"645.000"},{"v":13.3,"d":"13.30"},{"v":8578.5,"d":"8578.50"}]
["7.5","20105415T","内墙柱面刮腻子 抹灰面(二道","m2",{"v":645,"d":"645.000"},5.12,{"v":3302.4,"d":"3302.40"},{"v":645,"d":"645.000"},5.12,{"v":3302.4,"d":"3302.40"}]
["","","本页小计：","","","",55604.07,"","",53422.77,null,{"v":2181.3,"d":"2181.30"}]
["分部分项工程量清单审核书"]
["装饰工程"]
["工程名称：瑞樟教学区南区1-6号楼室内修缮工程",{"$nulls":9},"第3页 共3页"]
["序号","项目编码","项 目 名 称","单位","审前造价",null,null,"审后造价",null,null,"审核增","审核减"]
[{"$nulls":4},"原工程量","原单价","原合计","工程量","综合单价","合计"]
["","",")",""]
["7.6","20105407","水泥漆 内墙面(一底二面)","m2",{"v":645,"d":"645.000"},6.48,{"v":4179.6,"d":"4179.60"},{"v":645,"d":"645.000"},6.48,{"v":4179.6,"d":"4179.60"}]
["7.7","30212142","金属软管敷设 公称管径(25mm以内)","m",{"v":75,"d":"75.000"},27.55,2066.25,{"v":75,"d":"75.000"},27.55,2066.25]
["7.8","30212143","金属软管敷设 公称管径(32mm以内)","m",{"v":50,"d":"50.000"},32.05,{"v":1602.5,"d":"1602.50"},{"v":50,"d":"50.000"},32.05,{"v":1602.5,"d":"1602.50"}]
["7.9","30212255","线槽配线 单芯导线截面(4mm2以内)","m单线",{"v":184.5,"d":"184.500"},3.92,723.24,{"v":184.5,"d":"184.500"},3.92,723.24]
["7.10","30212254","线槽配线 单芯导线截面(2.5mm2以内)","m单线",{"v":100,"d":"100.000"},2.71,{"v":271,"d":"271.00"},{"v":100,"d":"100.000"},2.71,{"v":271,"d":"271.00"}]
["7.11","30213181","单相暗插座 5孔","套",{"v":6,"d":"6.000"},21.32,127.92,{"v":6,"d":"6.000"},21.32,127.92]
["8","闽010901032003","空调外机位维修","项",{"v":1,"d":"1.000"},{"v":5490,"d":"5490.00"},{"v":5490,"d":"5490.00"},{"v":1,"d":"1.000"},{"v":5490,"d":"5490.00"},{"v":5490,"d":"5490.00"}]
["8.1","01","空调外机位维修","项",{"v":122,"d":"122.000"},{"v":45,"d":"45.00"},{"v":5490,"d":"5490.00"},{"v":122,"d":"122.000"},{"v":45,"d":"45.00"},{"v":5490,"d":"5490.00"}]
["","","本页小计：","","","",{"v":5490,"d":"5490.00"},"","",{"v":5490,"d":"5490.00"}]
["","","合    计：","","","",209644.19,"","",204072.67,null,5571.52]

{"sheet":"措施分项审核书2(1.1)","index":4,"n_rows":14,"n_cols":11,"rows_kept":14,"merged":[[0,0,0,10],[1,0,1,10],[2,0,2,8],[2,9,2,10],[3,0,4,0],[3,1,4,1],[3,2,4,2],[3,3,4,3],[3,4,3,6],[3,7,3,9],[3,10,4,10],[5,0,5,10]],"flags":["formulas_cached_only"]}
["措施项目工程量清单审核书"]
["装饰工程"]
["工程名称：瑞樟教学区南区1-6号楼室内修缮工程",{"$nulls":8},"第1页 共1页"]
["序号","项目编码","项 目 名 称","单位","审前造价",null,null,"审后造价",null,null,"审核增减"]
[{"$nulls":4},"原工程量","原单价","原合计","工程量","综合单价","合计"]
["        装饰工程"]
["1","0205001","二次搬运","项",{"v":1,"d":"1.000"},10673.13,10673,{"v":1,"d":"1.000"},7097.55,7098,-3576]
["2","20108062","人工搬运水泥、石灰、油漆、涂料上4～6层楼","t",49.279,60.08,2961,49.279,60.08,2961]
["3","20108050","人工搬运砂土上4～6层楼","m3",25.977,43.11,1120,25.977,43.11,1120]
["4","20108167","人工搬运垃圾向下6～4层","m3",{"v":152.96,"d":"152.960"},{"v":43.1,"d":"43.10"},6593,{"v":70,"d":"70.000"},{"v":43.1,"d":"43.10"},3017,-3576]
["5","0101001","环境保护","项",{"v":1,"d":"1.000"},5099.69,5100,{"v":1,"d":"1.000"},{"v":2333.8,"d":"2333.80"},2334,-2766]
["6","20108169","人工装卸汽车运垃圾运距3km以内","m3",{"v":152.96,"d":"152.960"},33.34,5100,{"v":70,"d":"70.000"},33.34,2334,-2766]
["","","本页小计：","","","",15773,"","",9431,-6341]
["","","合    计：","","","",15773,"","",9431,-6341]

{"sheet":"主要材料价格表(含合计)(1.1)","index":5,"n_rows":70,"n_cols":8,"rows_kept":70,"merged":[[0,0,0,7],[1,0,1,7],[2,0,2,7],[3,0,3,5],[3,6,3,7],[41,0,41,7],[42,0,42,7],[43,0,43,7],[44,0,44,5],[44,6,44,7]],"flags":["formulas_cached_only"]}
["主要材料价格表"]
["装饰工程"]
["武夷山2013年3-4月份(含1季度台班)材料价格"]
["工程名称：瑞樟教学区南区1-6号楼室内修缮工程",{"$nulls":5},"第1页 共2页"]
["序号","材料编号","材料名称","规格型号","单位","数量","单价","合计"]
["1","010100100009000","土石方、拆除、搬运工日","","工日",232.167,{"v":36,"d":"36.00"},{"v":8358,"d":"8358.00"}]
["2","010100500021000","综合工日","","工日",140.836,{"v":48,"d":"48.00"},6760.12]
["3","010100300043000","综合工日","装饰工","工日",962.275,{"v":58,"d":"58.00"},55811.93]
["4","110100100001000","水泥","32.5","kg",10316.302,0.38,3868.61]
["5","160100300029000","松木锯材","","m3",0.006,{"v":1310,"d":"1310.00"},7.41]
["6","160100300017000","杉枋材","","m3",1.131,{"v":1520,"d":"1520.00"},1719.12]
["7","231700100085000","加气混凝土砌筑专用砂浆胶结料","","kg",1105.129,1.35,1491.92]
["8","210500300023000","腻子粉","","kg",{"v":31475.08,"d":"31475.080"},1.15,36196.34]
["9","170500100039000","中(细)砂","损耗2%+膨胀1.18","m3",26.046,{"v":110,"d":"110.00"},2865.07]
["10","170500100037000","中(粗)砂","损耗2%+膨胀1.18","m3",{"v":3.25,"d":"3.250"},{"v":110,"d":"110.00"},357.54]
["11","124100100115000","水泥砂浆1:3(32.5)","","m3",25.535,264.39,{"v":6751.3,"d":"6751.30"}]
["12","124300100093000","加气混凝土专用砌筑砂浆","","m3",3.096,597.98,{"v":1851.1,"d":"1851.10"}]
["13","","其它材料费","","元",7464.902,{"v":1,"d":"1.00"},{"v":7464.9,"d":"7464.90"}]
["14","460100300081001","单相暗插座 5孔","","套",{"v":6.12,"d":"6.120"},{"v":12.6,"d":"12.60"},77.11]
["15","450100100239001","绝缘导线","BV-4","m",{"v":188.19,"d":"188.190"},{"v":3.2,"d":"3.20"},602.21]
["16","450100100235000","塑料绝缘线","BV-2.5","m",6.408,1.24,7.95]
["17","450100100233001","绝缘导线","BV-2.5","m",{"v":102,"d":"102.000"},{"v":2.1,"d":"2.10"},{"v":214.2,"d":"214.20"}]
["18","240300700055000","酒精","","kg",0.519,5.51,2.86]
["19","240300700015000","催干剂","","kg",4.639,6.63,30.75]
["20","240100500059000","熟桐油","","kg",22.415,13.02,291.84]
["21","240100500053000","清油","","kg",13.241,{"v":9,"d":"9.00"},119.17]
["22","240100500011000","防腐油","","kg",1.697,{"v":9.8,"d":"9.80"},16.63]
["23","240100300013000","油漆溶剂油","200#","kg",91.819,6.12,561.93]
["24","210700100011000","醇酸漆稀释剂","","kg",null,6.32]
["25","210301100009000","无光调和漆","","kg",null,10.59]
["26","210300900009000","防锈漆(红丹)","","kg",20.941,{"v":13,"d":"13.00"},272.24]
["27","210301100001000","调和漆","","kg",28.452,{"v":12,"d":"12.00"},341.42]
["28","210301900129000","漆片","各种规格","kg",null,20.09]
["29","210300100003000","醇酸磁漆","","kg",null,{"v":11,"d":"11.00"}]
["30","210300500007000","酚醛清漆","各色","kg",122.694,10.34,1268.65]
["31","433900100019000","金属软管尼龙接头","32","个",{"v":73.6,"d":"73.600"},1.62,119.23]
["32","433900100017000","金属软管尼龙接头","25","个",{"v":110.4,"d":"110.400"},{"v":0.9,"d":"0.90"},99.36]
["33","421900100033001","金属软管敷设 公称管径(32mm以内)","","m",{"v":51.5,"d":"51.500"},5.25,270.38]
["34","421900100031001","金属软管敷设 公称管径(25mm以内)","","m",{"v":77.25,"d":"77.250"},3.28,253.38]
["35","131300100783000","管卡子(金属软管用)","32","个",{"v":147.2,"d":"147.200"},1.63,239.94]
["36","131300100781000","管卡子(金属软管用)","25","个",{"v":220.8,"d":"220.800"},1.58,348.86]
["主要材料价格表"]
["装饰工程"]
["武夷山2013年3-4月份(含1季度台班)材料价格"]
["工程名称：瑞樟教学区南区1-6号楼室内修缮工程",{"$nulls":5},"第2页 共2页"]
["序号","材料编号","材料名称","规格型号","单位","数量","单价","合计"]
["37","520500100433000","镀锌锁紧螺母(金属软管用)","32","个",{"v":145.6,"d":"145.600"},0.33,48.05]
["38","520500100431000","镀锌锁紧螺母(金属软管用)","25","个",{"v":218.4,"d":"218.400"},0.28,61.15]
["39","131300100247000","镀锌管接头(金属软管用)","32","个",{"v":73.6,"d":"73.600"},1.14,{"v":83.9,"d":"83.90"}]
["40","131300100245000","镀锌管接头(金属软管用)","25","个",{"v":110.4,"d":"110.400"},0.95,104.88]
["41","400301300013000","地漏","DN50","个",{"v":122,"d":"122.000"},8.16,995.52]
["42","400301300155000","存水弯","S型DN50","个",{"v":122.61,"d":"122.610"},{"v":6.5,"d":"6.50"},796.96]
["43","520700100317000","其他材料费","","元",{"v":4425,"d":"4425.000"},{"v":1,"d":"1.00"},{"v":4425,"d":"4425.00"}]
["44","520700100383000","水","","m3",24.656,{"v":2.3,"d":"2.30"},56.71]
["45","520100100027000","豆包布（白布）","0.9m宽","m",1.799,{"v":4,"d":"4.00"},7.19]
["46","520500101009000","自攻螺丝","M4×15","百个",9.048,{"v":2.5,"d":"2.50"},22.62]
["47","520700100663000","砂纸","","张",218.018,{"v":0.2,"d":"0.20"},{"v":43.6,"d":"43.60"}]
["48","520500100895000","膨胀螺栓","M8×80","套",109.141,0.27,29.47]
["49","520500300179000","水泥钉","10#","个",{"v":56.55,"d":"56.550"},{"v":0.1,"d":"0.10"},5.66]
["50","520500300183000","铁钉","","kg",2.262,4.28,9.68]
["51","520700100671000","铁砂布","0#～2#","张",48.598,{"v":0.7,"d":"0.70"},34.02]
["52","210301100007000","色调和漆","","kg",4.851,{"v":10,"d":"10.00"},48.51]
["53","210100100029000","内墙水泥漆面漆","","kg",2473.042,{"v":16,"d":"16.00"},39568.67]
["54","210100100017000","内墙水泥漆底漆","","kg",1461.343,6.18,{"v":9031.1,"d":"9031.10"}]
["55","190300100039000","胶合板","五夹板","m2",59.378,{"v":11.5,"d":"11.50"},682.84]
["56","191100300017000","石膏粉","","kg",{"v":26.2,"d":"26.200"},{"v":0.6,"d":"0.60"},15.72]
["57","170100100047000","加气混凝土砌块","","m3",53.029,268.08,14215.72]
["58","612300100261000","其他机械费","","元",16.965,{"v":1,"d":"1.00"},16.97]
["59","611100100027000","灰浆搅拌机","200L","台班",4.143,15.62,64.71]
["60","610700100103001","载重汽车","4t","台班",{"v":3.36,"d":"3.360"},354.16,1189.98]